000
00303nam a22001337a 4500
008
181022b xxu||||| |||| 00| 0 eng d
020
_a
9780131856622
041
_a
eng
080
_2
7 ED
_a
510
100
_a
37
101
_a
MAT
245
_a
A frist Course Probality
_c
Lemon.l
942
_2
udc
_c
BK
999
_c
50347
_d
50347